LEADER 01196nam a2200265 i 4500 001 000000154538 003 CaOOAMICUS 005 20061019000000.0 008 061019s1964 xxk u000 u eng u 013 $a131884 040 $aSeMil$bita 100 1 $aBerenson, Bernard,$d<1865-1959>.$0(OLS)http://semarc/name/6477 245 10$aSunset and twilight :$bfrom the Diaries of 1947-1958 /$cBernard Berenson ; edited and with an epilogue by Nicky Mariano ; introduction by Iris Origo. 260 $aLondon :$bHamish Hamilton,$c1964. 300 $aXXV, 547 p., [20], [1] c. di tav. ;$c25 cm. 500 $aFondo Ciprandi. 650 4$aRedenzione - Terminologia neotestamentaria.$0(OLS)http://semarc/subject/30258 700 1 $aOrigo, Iris <1902-1988>.$0(OLS)http://semarc/name/23866 700 1 $aMariano, Nicky.$0(OLS)http://semarc/name/60452 850 $aSeMil 852 $aSeMil$W1$xVenegono$y1$m1W VI 276$j106396$B106396$CSeMilBibl$Z2$F115634 $81 941 1 $a1 961 $aOmaggio: Ciprandi dott. Paolo 996 $6245$aSunset and twilight :$bfrom the Diaries of 1947-1958$9(OLS)http://semarc/title/226173 996 $6260$aLondon :$bHamish Hamilton$9(OLS)http://semarc/publisher/48186 LEADER 01659nam a2200229 i 4500 001 000000137077 003 CaOOAMICUS 005 20090120000000.0 008 090120s1566 xx u000 u lat u 013 $a110814 040 $aSeMil$bita 245 10$aSextus Decretalium liber in Concilio Lugdunensi editus, cum epitomis, divisionibus, et glossa ordinaria Joannis Andreae .. 260 $a[Venezia] :$b[s.n.],$c[Venezia, 1566] 300 $a17 x 24 ;$cpp. 498 con illustrazioni ;$crom. 500 $aIl frontespizio è strappato cosicchè mancano le note tipografiche. - Le caratteristiche tipografiche e la legatura lo direbbero stampato a Venezia da Nicolaus Bevilacqua come : Gratianus, Decretum ... (v.). - Alcune parti sono cancellate mediante listelli di carta incollati sopra. - Stampa a due colori. - La precisazione della data è derivata da : Xenio Toscani, Indice dei libri impressi nel sec. XVI della Biblioteca Civica «Bonetta», Pavia, Tip. del libro, 1969, pag. 40. - Descrizione da : Incunaboli e Cinquecentine della Biblioteca del Seminario di Milano / catalogo a cura di Ubaldo Valentini, Milano 1981. - Numero di catalogo : 267. 700 0 $aBonifacius VIII,$c.$0(OLS)http://semarc/name/25890 850 $aSeMil 852 $aSeMil$W1$xVenegono$y1$mFV.E III 4/1$j90644$B90644$CSeMilBibl$Z2$F95494 $86 900 0 $aBonifacio VIII$c. 996 $6245$aSextus Decretalium liber in Concilio Lugdunensi editus, cum epitomis, divisionibus, et glossa ordinaria Joannis Andreae ..$9(OLS)http://semarc/title/200283 996 $6260$a[Venezia] :$b[s.n.]$9(OLS)http://semarc/publisher/47046